El Canal ampliado de Panamá: una obra competitiva al servicio de la industria marítima mundial /Tomás Díaz
Na minha lista:
| Autor principal: | |
|---|---|
| Formato: | Livro |
| Idioma: | Spanish |
| Tags: |
Adicionar Tag
Sem tags, seja o primeiro a adicionar uma tag!
|
MARC
| LEADER | 00000nam a22000007a 4500 | ||
|---|---|---|---|
| 003 | cru CIDCACS/IIS | ||
| 005 | 20191003153126.0 | ||
| 007 | ta | ||
| 008 | 191003s2018 pn |||p|r||||||0| ||spa|d | ||
| 999 | |c 42442 |d 42442 | ||
| 040 | |c cru CIDCACS/IIS | ||
| 100 | 1 | |9 4463 |a Díaz R., Tomás A. | |
| 245 | 1 | |a El Canal ampliado de Panamá: |b una obra competitiva al servicio de la industria marítima mundial /Tomás Díaz | |
| 300 | |a páginas 41-50: |b fotos, ilustraciones | ||
| 942 | |2 ddc |c PP | ||
| 773 | 0 | |0 19259 |9 2887 |a Desarrollo Social y Cultural (Panamá) |d Panamá: Lotería Nacional de Beneficencia |o 17003 |t Lotería: |x 0024662X | |
